• 首页
  • 本馆介绍
  • 公告通知
  • 最新文献
  • 馆藏检索
  • 电子资源
  • 读者导购
  • 参考咨询
  • 我的图书馆
  • 登录
  • 详细信息显示
  • 放入我的书架
  • 预约/预借图书
  • 作者相关作品
  • 分类相关作品
  • 丛书相关作品
  • 出版社相关作品

书目信息

  • 表格格式
  • 工作单格式
  • 卡片格式
题名:
邮政渠道营销
    
 
作者: 范云峰 , 刘军杰 著
分册:  
出版信息: 北京   中华工商联合出版社  2012
页数: 234页
开本: 24cm
丛书名:
单 册:
中图分类: F618.3
科图分类:
主题词: 邮政业务--市场营销学 , 邮政业务 , 市场营销学
电子资源:
ISBN: 978-7-5158-0190-2
000 00975nam0 22002651 450
001 519
005 20140909095042.90
010    @a978-7-5158-0190-2@dCNY39.80
100    @a20120822d2012 em y0chiy50 ea
101 0  @achi
102    @aCN@b110000
105    @ay z 000yy
106    @ar
200 1  @a邮政渠道营销@AYou Zheng Qu Dao Ying Xiao@f范云峰,刘军杰著@FFan Yun Feng, Liu Jun Jie Zhu
210    @a北京@c中华工商联合出版社@d2012
215    @a234页@d24cm
330    @a本书围绕邮政营销渠道进行整体构思和设计,运用新的营销理论,以及大量与邮政有关的案例、故事和操作性图表,从营销渠道视角考察邮政,对邮政渠道相关理论、邮政渠道战略的制定、策略的实施、渠道的管理、建设以及邮政直复营销等方面做了阐述。
606 0  @a邮政业务@x市场营销学
606 0  @a邮政业务
606 0  @a市场营销学
690    @aF618.3@v5
701  0 @a范云峰@AFan Yun Feng@f(1964.2~)@4著
701  0 @a刘军杰@ALiu Jun Jie@4著
801  0 @aCN@bTANGWEI@c20140603
905    @b0837579-81@dF618.3@e4@f3
    
    邮政渠道营销/范云峰,刘军杰著.-北京:中华工商联合出版社,2012
    234页;24cm
    
    
    ISBN 978-7-5158-0190-2:CNY39.80
    本书围绕邮政营销渠道进行整体构思和设计,运用新的营销理论,以及大量与邮政有关的案例、故事和操作性图表,从营销渠道视角考察邮政,对邮政渠道相关理论、邮政渠道战略的制定、策略的实施、渠道的管理、建设以及邮政直复营销等方面做了阐述。
●
相关链接 在E读中查询图书 在五车中查询图书 在当当中查询图书 在豆瓣中查询图书


正题名:邮政渠道营销     索取号:F618.3/4         预约/预借

序号 登录号 条形码 馆藏地/架位号 状态 备注
1 0837579   208375792   第一样本阅览室/ [索取号:F618.3/4] 在馆    
2 0837580   208375809   第一借阅区/ [索取号:F618.3/4] 在馆    
3 0837581   208375818   密集书库-海洋学院/ [索取号:F618.3/4] 在馆    
唐山师范学院图书馆 欢迎您!
大连网信软件有限公司© 版权所有